Loading...
| Current Events | 3 | 13.33 | 100% | 33% | 0% |
| Fine Arts - Classical Music | 4 | 12.50 | 100% | 25% | 0% |
| Fine Arts - Other Fine Arts | 3 | 13.33 | 100% | 33% | 0% |
| Geography | 2 | 20.00 | 100% | 100% | 0% |
| History - American History | 5 | 16.00 | 100% | 60% | 0% |
| History - European History | 8 | 17.50 | 100% | 38% | 38% |
| History - Other History | 6 | 15.00 | 67% | 50% | 33% |
| History - World History | 6 | 10.00 | 100% | 0% | 0% |
| Literature - American Literature | 9 | 13.33 | 89% | 44% | 0% |
| Literature - British Literature | 6 | 10.00 | 67% | 33% | 0% |
| Literature - European Literature | 6 | 20.00 | 100% | 83% | 17% |
| Literature - World Literature | 3 | 20.00 | 100% | 33% | 67% |
| Mythology | 6 | 13.33 | 83% | 50% | 0% |
| Painting/Sculpture | 3 | 13.33 | 100% | 0% | 33% |
| Philosophy | 3 | 13.33 | 100% | 33% | 0% |
| Pop Culture | 2 | 15.00 | 100% | 0% | 50% |
| Popular Culture | 1 | 30.00 | 100% | 100% | 100% |
| Religion | 3 | 16.67 | 67% | 67% | 33% |
| Science - Biology | 7 | 17.14 | 100% | 71% | 0% |
| Science - Chemistry | 6 | 18.33 | 100% | 50% | 33% |
| Science - Other Science | 3 | 13.33 | 67% | 33% | 33% |
| Science - Physics | 4 | 15.00 | 100% | 50% | 0% |
| Social Science | 4 | 12.50 | 100% | 25% | 0% |